000 00381 a2200157 4500
001 61664
020 _a8504007758
040 _cAnchieta - Pituba
100 _aBarreto, Lima
240 1 0 _aO homem que sabia javanês e outros contos
_lpor
245 1 0 _aO homem que sabia javanês e outros contos
300 _a96
362 0 _a2004
650 4 _aLiteratura juvenil
942 _cBK
999 _c61664
_d61664